Cantos y bailes populares de España / (Record no. 156065)

MARC details
000 -LEADER
campo de control de longitud fija 01436nam a22002055i 4500
001 - NÚMERO DE CONTROL
campo de control 156065
003 - IDENTIFICADOR DE NÚMERO DE CONTROL
campo de control ES-MaACL
005 - FECHA Y HORA DE LA ÚLTIMA TRANSACCIÓN
campo de control 20230906210316.0
008 - DATOS DE LONGITUD FIJA--INFORMACIÓN GENERAL
campo de control de longitud fija 000911s1888 sp ag |||| | spa d
040 ## - FUENTE DE CATALOGACIÓN
Centro catalogador/agencia de origen CCPB | B
Lengua de catalogación spa
Centro/agencia transcriptor CCPB | B
100 1# - ENTRADA PRINCIPAL--NOMBRE DE PERSONA
Nombre de persona Inzenga, José (
Fechas asociadas al nombre 1828-1891)
9 (RLIN) 128190
245 10 - MENCIÓN DEL TÍTULO
Título Cantos y bailes populares de España /
Mención de responsabilidad, etc. por J. Inzenga.
260 ## - PUBLICACIÓN, DISTRIBUCIÓN, ETC.
Lugar de publicación, distribución, etc. Madrid :
Nombre del editor, distribuidor, etc. A. Romero,
Fecha de publicación, distribución, etc. 1888 (
Fabricante imprenta de José M. Ducazcal)
300 ## - DESCRIPCIÓN FÍSICA
Extensión XXII, 84 , 10, p. 45 p. de partituras. ;
Dimensiones 29 cm.
505 8# - NOTA DE CONTENIDO CON FORMATO
Nota de contenido con formato Contiene: Cantos y bailes de Valencia. Cantos y bailes de Murcia
597 ## - NOTA DE DESCRIPCIÓN FÍSICA
NOTA DE DESCRIPCIÓN FÍSICA Música impresa.
650 #4 - PUNTO DE ACCESO ADICIONAL DE MATERIA--TÉRMINO DE MATERIA
Término de materia o nombre geográfico como elemento de entrada Canciones populares-
Subdivisión geográfica España.
9 (RLIN) 10733
650 #4 - PUNTO DE ACCESO ADICIONAL DE MATERIA--TÉRMINO DE MATERIA
Término de materia o nombre geográfico como elemento de entrada Bailes populares-
Subdivisión geográfica España.
9 (RLIN) 162649
852 ## - LOCALIZACIÓN
Ubicación ES-MaACL
Número de control de estantería T-1238-F-4
Nota libre -- Enc. hol., conservando la cub. original
-- -- De la parte de Murcia las pp. 13-16 de partituras mal enc., delante del texto.
Encuadernación -- Edic.: en este ejemp. la parte correspondiente a Valencia tiene 84 p., de las cuales, de la p. 27-50, son partituras, precedidas por una portadilla grab. calc.: "F. Echevarria" -- Además hay 45 p., correspondientes a Murcia, de las cuales de la 13-45 son partituras, precedidas también por una portadilla grab. calc.: F. Echevarría. Esta segunda parte, por lo visto en los catálogos del CSIC y en REBIUM, debería tener 80 p. y probablemente también abarcaría Galicia. Según Palau, restos de esta ed. se reeditaron en el S. XX con una cub. nueva.
Holdings
Estatus retirado Estado de pérdida Estado de daño No para préstamo Colección Biblioteca de origen Biblioteca actual Ubicación en estantería Fecha de adquisición Total de préstamos Signatura topográfica completa Código de barras Visto por última vez Precio de reemplazo Tipo de ítem Koha
        Colección de folletos Biblioteca del Ateneo de Madrid Biblioteca del Ateneo de Madrid Depósito folletos 17/01/2008   T-1238-F-4 1163272 23/02/2023 23/02/2023 Folleto